Responses for Show #4647 - Tuesday, November 16, 2004

2004 College Championship quarterfinal game 5.

Contestants

[<< previous game]

Christina Maes, a senior at the University of Wisconsin - Green Bay from Green Bay, Wisconsin

Brad Selvig, a sophomore at Florida State from Jacksonville, Florida

Rachel McCool, a sophomore at Dickinson College from Pittsburgh, Pennsylvania

[next game >>]

Jeopardy! Round responses

THE GOD SQUAD
MUSIC ON MY iPOD
OUR FOUNDING FATHERS
COLLEGIATE FINE DINING
SHOCKING!
YOU HAVE TOO MUCH...
(Alex: ...of something!)
    $200 5
Odin

Rachel
    $200 14
Avril Lavigne

Chris
    $200 1
John Hancock

Rachel
    $200 15
McDonald's

Rachel
    $200 21
coal

Rachel
    $200 4
sugar

Chris
    $400 6
California

Chris
    $400 27
Beastie Boys

Chris
    $400 2
Alexander Hamilton

Rachel
    $400 17
Subway

Rachel
    $400 22
the White House

Rachel
    $400 10
hair

Brad
    $600 7
Egypt

Rachel
    $600 28
Los Lonely Boys

Rachel
    $600 3
Patrick Henry

Brad
    $600 18
Taco Bell

Brad
    $600 23
General Electric

Rachel
    $600 11
(Chris: What is hair?)

tension

RachelChris
    $800 8
(Chris: What is Hindu?)

Buddhism

Chris
Triple Stumper
    $800 29
New Found Glory

Triple Stumper
    $1,000 12
Samuel Adams

Rachel
    $800 19
A&W

Chris
    $800 24
Alternating Current

Brad
    $800 16
(Chris: What is salt?)
(Alex: Be more specific.)

sodium

Chris
    $1000 9
Hinduism

Brad
    $1000 30
Bowling for Soup

Chris
    $1000 13
Jonathan Dayton

Triple Stumper
    $1000 20
Domino's

Chris
    $1000 25
ohms

Chris
    $1000 26
pressure in your tires

Chris

Scores at the first commercial break (after clue 15):

Rachel Brad Chris
$3,200 $2,000 -$600

Scores at the end of the Jeopardy! Round:

Rachel Brad Chris
$5,400 $3,400 $5,400

Double Jeopardy! Round responses

YOU'RE SWIMMING IN IT
(Alex: You have to tell us what body of water it is.)
THE AGASSI & THE ECSTASY
SHAKESPEARE
GENERAL ED.
PASSING TIME ON CAMPUS
DOUBLE "L"
    $400 26
Lake Victoria

Chris
    $400 2
Wimbledon

Rachel
    $400 1
Cordelia

Rachel
    $400 11
Siberia

Chris
    $400 16
Buckingham Palace

Brad
    $400 17
alliteration

Brad
    $800 27
(Chris: What is the Pacific Ocean?)

the Colorado River

Chris
Triple Stumper
    $800 3
(Brad: What is the U.S. Open?)

the French Open

RachelBrad
    $800 7
Prospero

Rachel
    $800 12
(Alex: [Sadly] Eeyore is right.)
(Chris: Thanks for noticin'.)

Eeyore

Chris
    $800 22
(Chris: What is Alberta?)

Winnipeg

Chris
Triple Stumper
    $800 18
trolley

Rachel
    $1200 28
(Rachel: What is Lake Titicaca?)
(Chris: What is the Pacific Ocean?)

the Amazon River

RachelChris
Triple Stumper
    $1200 4
Steffi Graf

Rachel
    $1200 8
dignity

Rachel
    $1200 13
Illinois

Triple Stumper
    $1200 23
chickens

Rachel
    $1200 19
Seville

Triple Stumper
    $1600 29
Lake Geneva

Triple Stumper
    $1600 5
Pete Sampras

Rachel
    $3,000 9
Antony and Cleopatra

Rachel
    $1600 14
The Importance of Being Earnest

Rachel
    $1600 24
the Limbo

Rachel
    $2,800 20
scull

Rachel
    $2000 30
(Rachel: What is the Mediterranean Sea?)
(Chris: What is the Aegean Sea?)

the Po River

RachelChris
Triple Stumper
    $2000 6
the U.S. Open

Chris
    $2000 10
A Midsummer Night's Dream

Chris
    $2000 15
gametes

Chris
    $2000 25
(Rachel: What are mistletoe?)

lichens

RachelBrad
    $2000 21
Cyrillic

Rachel

Scores at the end of the Double Jeopardy! Round:

Rachel Brad Chris
$19,600 $5,400 $8,200
(lock game)

Final Jeopardy! Round responses

OCCUPATIONS
(Alex: Come on over here. You are a semifinalist. You're gonna be coming back to play for $100,000. And here are the other winners of our quarterfinal games. These are some of your opponents.)
(Kermin: Kermin Fleming, Carnegie Mellon University.)
(Vicky: Vicky Manos, St. John's University.)
(Kelley: Kelley Burd, West Virginia University.)
(Lily: Lily Wang, Columbia University.)
(Alex: And now the four wildcard winners.)
(Casey: Casey Retterer, University of Maryland, College Park.)
(Ari: Ari Schoenholtz, Williams College.)
(Lindsey: Lindsey Hargrove, the University of Texas.)
(Amory: Amory Jendrek, Davidson College.)
(Alex: And we'll have the first of our semifinal games tomorrow, right here from Pittsburgh. Join us then. So long, everybody.)
BradWhat is a secretary?
$5,400
ChrisWhat is a maid?
$7,800
RachelWhat is a governess?
$2,500
a governess

Final scores:

Rachel Brad Chris
$22,100 $0 $400
Automatic semifinalist 3rd place: $5,000 if eliminated 2nd place: $5,000 if eliminated

Game dynamics:

Coryat scores:

Rachel Brad Chris
$16,800 $5,400 $8,200
26 R
(including 3 DDs),
3 W
8 R,
1 W
16 R,
6 W

Combined Coryat: $30,400

[game clues] [game scores] [suggest correction]

Game tape date: 2004-10-09
The J! Archive is created by fans, for fans. Scraping, republication, monetization, and malicious use prohibited; this site may use cookies and collect identifying information. See terms. The Jeopardy! game show and all elements thereof, including but not limited to copyright and trademark thereto, are the property of Jeopardy Productions, Inc. and are protected under law. This website is not affiliated with, sponsored by, or operated by Jeopardy Productions, Inc. Join the discussion at JBoard.tv.